Follow That Line... Twice: Parks & Recreation Quiz Stats

 Plays Quiz not verified by Sporcle

Score 0/20 Timer 10:00
2 Plays Today
% Correct
Describe your ideal man.
97.9%
I take Skittles and I put it between two Starbursts. Know what I call it?
97.8%
She's here.
94.6%
How long will take me to learn golf?
93.4%
I'm engrossed in this book. It's the true story of a woman born with no arms and no legs who attempted to swim the English Channel.
91.3%
There's been ten assaults already this year.
91%
Your department banned me from attending games just because I yell 'you suck' at the players.
90.5%
Guess I'll be heading home.
90.3%
When you're in a situation, you don't have time to think. So I thought to myself, 'Don't think, Andy. Act.'
88.8%
I think we should tax all bad things, like racism and women's vaginas.
88.2%
% Correct
Last year I won an organic gardening contest.
87.7%
What did you do for her?
87.4%
Don't miss April Ludgate's birthday bash at the world famous Snakehole Lounge, the place the Pawnee Journal called, 'The sexiest, most dangerous club in town.'
87.1%
Normally I try never to speak with people, but I've been drinking this Snake Juice thing, and it's damn delicious. You should buy it.
86%
It's not dirty underwear. It's a white flag, and you may as well start waving it right now, Leslie!
84.8%
What's going on?
81.2%
I suffer from a disorder called Sleep Fighting.
80.9%
Hunting and fishing season is winding down, OK? And we all know that it is already closed season on twout. So now... I said twout instead of trout.
79.5%
Ron's ex-wife? That's terrific. Or is that awful? I mean he hates her, but he knows her. Everything's OK, or is it just the same?
76.9%
You know what? I think men are better than women.
75.4%

You're not logged in!

Compare scores with friends on all Sporcle quizzes.
Join for Free
OR
Log In

You Might Also Like...

Show Comments

Extras

Top Quizzes Today


Score Distribution

Your Account Isn't Verified!

In order to create a playlist on Sporcle, you need to verify the email address you used during registration. Go to your Sporcle Settings to finish the process.

Report this User

Report this user for behavior that violates our Community Guidelines.

Details: